Discurso leído en la sesión inaugural del año académico de 1914 en la Sociedad Ginecológica Española / (Record no. 35182)

MARC details
000 -LEADER
campo de control de longitud fija 00990nam a2200229 i 4500
001 - NÚMERO DE CONTROL
campo de control 35182
003 - IDENTIFICADOR DE NÚMERO DE CONTROL
campo de control ES-MaACL
005 - FECHA Y HORA DE LA ÚLTIMA TRANSACCIÓN
campo de control 20250807210529.0
007 - CAMPO FIJO DE DESCRIPCIÓN FÍSICA--INFORMACIÓN GENERAL
campo de control de longitud fija t|
008 - DATOS DE LONGITUD FIJA--INFORMACIÓN GENERAL
campo de control de longitud fija 030212s1914 sp |||| | spa d
100 1# - ENTRADA PRINCIPAL--NOMBRE DE PERSONA
Nombre de persona Botín y S. de Porrua, Francisco.
9 (RLIN) 30787
245 10 - MENCIÓN DEL TÍTULO
Título Discurso leído en la sesión inaugural del año académico de 1914 en la Sociedad Ginecológica Española /
Mención de responsabilidad, etc. Francisco Botín y S. de Porrua.
260 ## - PUBLICACIÓN, DISTRIBUCIÓN, ETC.
Lugar de publicación, distribución, etc. Madrid :
Nombre del editor, distribuidor, etc. [s.n.,
Fecha de publicación, distribución, etc. 1914] (
Fabricante Imp. de Joaquín Baena González)
300 ## - DESCRIPCIÓN FÍSICA
Extensión 32 p. ;
Dimensiones 24 cm.
594 ## - Nota al título y mención de responsabilidad
Nota al título y mención de responsabilidad Tema del discurso: Errores frecuentes en la educación actual de las jóvenes : sus consecuencias patológicas.
610 24 - PUNTO DE ACCESO ADICIONAL DE MATERIA--NOMBRE DE ENTIDAD CORPORATIVA
Nombre de entidad corporativa o nombre de jurisdicción como elemento de entrada Sociedad Ginecológica Española.
9 (RLIN) 6779
650 #4 - PUNTO DE ACCESO ADICIONAL DE MATERIA--TÉRMINO DE MATERIA
Término de materia o nombre geográfico como elemento de entrada Mujeres-
Subdivisión general Educación
9 (RLIN) 12094
710 2# - ENTRADA AGREGADA--NOMBRE DE ENTIDAD CORPORATIVA
Nombre de entidad corporativa o nombre de jurisdicción como elemento de entrada Sociedad Ginecológica Española.
9 (RLIN) 6779
740 02 - ENTRADA AGREGADA--TÍTULO RELACIONADO/ANALÍTICO NO CONTROLADO
Título relacionado o analítico no controlado Errores frecuentes en la educación actual de las jóvenes: sus consecuencias patológicas.
852 ## - LOCALIZACIÓN
Ubicación ES-MaACL
Número de control de estantería T-1395-F-9
Holdings
Estatus retirado Estado de pérdida Estado de daño No para préstamo Colección Biblioteca de origen Biblioteca actual Ubicación en estantería Fecha de adquisición Fuente de adquisición Total de préstamos Signatura topográfica completa Código de barras Visto por última vez Precio de reemplazo Tipo de ítem Koha
        Colección de folletos Biblioteca del Ateneo de Madrid Biblioteca del Ateneo de Madrid Depósito folletos 17/01/2008     T-1395-F-9 1036805 23/02/2023 23/02/2023 Folleto